| 000 | 01080nam a2200289 a 4500 | ||
|---|---|---|---|
| 001 | 000024630 | ||
| 005 | 20200930023258.0 | ||
| 008 | 110127s1970 mx a r 000 | spa d | ||
| 040 |
_aDO-SdBNP _bspa _cBNPHU |
||
| 041 | 1 | 7 |
_aeng _hspa _2Código de idioma MARC |
| 082 |
_a305.896073 _bM884n |
||
| 100 | 1 |
_aMorsbach, Mabel _950508 |
|
| 240 | 1 | 0 |
_aThe Negro in American life. _lEspañol |
| 245 | 1 | 3 |
_aEl Negro en la vida norteamericana / _cMabel Morsbach; traducción Daniel Vicitez. |
| 260 |
_aMéxico, D. F. : _bEditorial Diana, _c1970. |
||
| 300 |
_a302 p. : _bil. ; _c18 cm. |
||
| 490 | 1 |
_aModerna _v135 |
|
| 504 | _aIncluye referencias bibliográficas : p. 297-302 | ||
| 534 |
_aTítulo original : _tThe Negro in American life |
||
| 650 | 4 |
_aNegros _xCondiciones sociales _zEstados Unidos _950509 |
|
| 650 | 4 |
_aNegros _xVida social y costumbres _zEstados Unidos _950510 |
|
| 650 | 4 |
_aNegros _xHistoria _zEstados Unidos _950511 |
|
| 651 | 4 |
_aEstados Unidos _xProblemas Raciales _950512 |
|
| 700 | 1 |
_aVicitez, Daniel _etr. _950513 |
|
| 830 | 0 |
_aModerna _v135 _946958 |
|
| 049 | _aBNGR | ||
| 999 |
_c24123 _d24123 |
||